000 00796nam a22002057a 4500
003 BCEG
005 20260325162953.0
008 260325s1963 mx|||||| |||| 00| 0 spa d
040 _aBCEG
_bspa
_cBCEG
082 0 4 _aWJ107
_bA798g
245 0 0 _aVII Asamblea General del Consejo Internacional de las Ciencias Filosóficas y Humanísticas (Ciudad de México : 17-30 septiembre, 1963).
260 _aMéxico :
_bs.n.,
_c1963
300 _a23 p.
506 _aPara uso exclusivo en sala de Fondos Especiales; Requiere autorización para reproducción.
_eReglamento de la Sala de Fondos Especiales.
535 _aDisponible en Colección Wigberto Jiménez Moreno.
650 1 4 _aFilosofía
_xEnseñanza.
650 1 4 _aEducación superior
_zMéxico.
700 1 _aUribe, Elena,
_ecoord.
942 _cBK
999 _c437140
_d437140